000 00738nam a2200217 ar4500
001 3471
005 20221127090746.0
008 130910s xxk 0001f|eng d
020 _a9781847245564(hpb)
082 0 4 _a839.78
_bL329 2009
100 1 _aLarsson, Steig.
245 1 4 _aThe girl who played with fire /
_cS. Larsson ; translated from the Swedish by Reg Keeland.
260 _aLondon :
_bMaclehose Press,
_c2009.
300 _a569 p. ;
_c24 cm.
500 _aOriginally published: 2006.
650 4 _aSwedish fiction
_xTranslations into English.
650 4 _aSwedish literature
_y21st century.
650 4 _aDetective and mystery stories.
650 4 _aEnglish fiction
_xForeign countries.
700 0 _aKeeland, Reg,
_etranslator.
999 _c3469
_d3469